00472njm a2200157 i 4500001001100000003000500011005001700016008004100033040002500074245005200099264007000151336002100221337002500242338002300267500002400290C2-0218103PPAK20180729152102.0990720s1989 my |||| ||||| | may d aPPAKbengcPPAKerda00aForum sastera pancaran tamadun Kedah Darul Aman 1aAlor Setar, Kedah : bPerbadanan Perpustakaan Awam Kedah , c1989 2rdacontentatext 2rdamediaaunmediated 2rdacarrieravolume aDirakam pada 6/8/89